Welcome to the Holygrace Academy Library

Please use search bar below to get started

BHASHABHOOSHANAM (Record no. 6793)

MARC details
000 -LEADER
fixed length control field 00386nam a22001577a 4500
020 ## - INTERNATIONAL STANDARD BOOK NUMBER
ISBN 978-81-264-2682-9
082 ## - DEWEY DECIMAL CLASSIFICATION NUMBER
Classification number 894.812
Item number RAF/B
100 ## - MAIN ENTRY--AUTHOR NAME
Personal name RAJARAJAVARMMA, A.R
245 ## - TITLE STATEMENT
Title BHASHABHOOSHANAM
246 ## - VARYING FORM OF TITLE
Title proper/short title BHASHABHOOSHANAM
Remainder of title BHASHABHOOSHANAM
260 ## - PUBLICATION, DISTRIBUTION, ETC. (IMPRINT)
Place of publication KOTTAYAM
Name of publisher DC BOOKS
Year of publication 2022
300 ## - PHYSICAL DESCRIPTION
Number of Pages 172
520 ## - SUMMARY, ETC.
Summary, etc MALAYALAM GRAMMAR
650 ## - SUBJECT ADDED ENTRY--TOPICAL TERM
Topical Term MALAYALAM GRAMMAR
942 ## - ADDED ENTRY ELEMENTS (KOHA)
Koha item type Books
Holdings
Withdrawn status Lost status Collection code Home library Current library Shelving location Date acquired Source of acquisition Cost, normal purchase price Full call number Accession Number Koha item type
    Non-fiction Main Library Main Library NEW SHELF WITH NEW ENTRY 27/09/2023 Purchase 160.00 894.812RAF/B 12872 Books